Diet and nutrition activities / (Record no. 1234)

MARC details
000 -LEADER
fixed length control field 00811pam a2200241 a 4500
005 - DATE AND TIME OF LATEST TRANSACTION
control field 20260322212052.0
008 - FIXED-LENGTH DATA ELEMENTS--GENERAL INFORMATION
fixed length control field data
010 ## - LIBRARY OF CONGRESS CONTROL NUMBER
LC control number 93004965
020 ## - INTERNATIONAL STANDARD BOOK NUMBER
International Standard Book Number 0876282656
020 ## - INTERNATIONAL STANDARD BOOK NUMBER
International Standard Book Number 9780876282656
040 ## - CATALOGING SOURCE
Original cataloging agency DLC
Transcribing agency DLC
Modifying agency DLC
050 00 - LIBRARY OF CONGRESS CALL NUMBER
Classification number QP143
Item number .T65 1993
082 00 - DEWEY DECIMAL CLASSIFICATION NUMBER
Classification number 613.2/071/2
Edition information 20
001 - CONTROL NUMBER
control field data
100 1# - MAIN ENTRY--PERSONAL NAME
Personal name Toner, Patricia Rizzo,
Dates associated with a name 1952-
245 10 - TITLE STATEMENT
Title Diet and nutrition activities /
Statement of responsibility, etc. Patricia Rizzo Toner.
260 ## - PUBLICATION, DISTRIBUTION, ETC.
Place of publication, distribution, etc. West Nyack, N.Y. :
Name of publisher, distributor, etc. Center for Applied Research in Education,
Date of publication, distribution, etc. c1993.
300 ## - PHYSICAL DESCRIPTION
Extent x, 150 p. :
Other physical details ill. ;
Dimensions 28 cm.
490 1# - SERIES STATEMENT
Series statement Just for the health of it! ;
Volume/sequential designation unit 2
500 ## - GENERAL NOTE
General note "Includes 90 ready-to-use worksheets for grades 7-12."
650 #0 - SUBJECT ADDED ENTRY--TOPICAL TERM
Topical term or geographic name entry element Nutrition
General subdivision Study and teaching (Secondary)
800 1# - SERIES ADDED ENTRY--PERSONAL NAME
Personal name Toner, Patricia Rizzo,
Dates associated with a name 1952-
Title of a work Just for the health of it! ;
Volume/sequential designation unit 2.
Holdings
Withdrawn status Lost status Damaged status Not for loan Home library Current library Shelving location Date acquired Total checkouts Full call number Barcode Date last seen Price effective from Koha item type
        Franklin Franklin General stacks 22/03/2026   613.2/071/2 20 BC0011274 22/03/2026 22/03/2026 Books